Central Library OPAC University of Rajshahi

দার্শনিক ভাবনার বিচিত প্রসঙ্গ / (Record no. 39324)

MARC details
000 -LEADER
fixed length control field 00931nam a2200229 a 4500
001 - CONTROL NUMBER
control field 39324
003 - CONTROL NUMBER IDENTIFIER
rucl marc code BD-RjUL
005 - DATE AND TIME OF LATEST TRANSACTION
control field 20211209052951.0
008 - FIXED-LENGTH DATA ELEMENTS--GENERAL INFORMATION
fixed length control field 160407s2013 bg ||||| |||| 00| 0 ben d
020 ## - INTERNATIONAL STANDARD BOOK NUMBER
International Standard Book Number 9547000002433
Terms of availability : TK. 200.00
035 ## - SYSTEM CONTROL NUMBER
System control number (BD-RjUL)39437
040 ## - CATALOGING SOURCE
Original cataloging agency BD-RjUL
Language of cataloging ben
Transcribing agency BD-RjUL
Modifying agency BD-RjUL
041 ## - LANGUAGE CODE
Language code of text/sound track or separate title ben
082 ## - DEWEY DECIMAL CLASSIFICATION NUMBER
Edition number 23
Classification number 891.444
Author mark and year JOD 2013
100 ## - MAIN ENTRY--PERSONAL NAME
Personal name জোয়ার্দ্দার, সিদ্ধার্থ শংকর
9 (RLIN) 121211
245 10 - TITLE STATEMENT
Title দার্শনিক ভাবনার বিচিত প্রসঙ্গ /
Statement of responsibility, etc. সিদ্ধার্থ শংকর জোয়ার্দ্দার
260 ## - PUBLICATION, DISTRIBUTION, ETC. (IMPRINT)
Place of publication, distribution, etc. ঢাকা :
Name of publisher, distributor, etc. জাতীয় সাহিত্য প্রকাশ,
Date of publication, distribution, etc. ২০১৩
300 ## - PHYSICAL DESCRIPTION
Pagination ১২৮ পৃ. ;
Size ২২ সেমি.
650 ## - SUBJECT ADDED ENTRY--TOPICAL TERM
Topical term or geographic name as entry element বাংলা প্রবন্ধ
9 (RLIN) 121212
Topical term or geographic name as entry element Bengali Essays
9 (RLIN) 121213
942 ## - ADDED ENTRY ELEMENTS (KOHA)
Source of classification or shelving scheme Dewey Decimal Classification
Koha item type Books
Holdings
Lost status Source of classification or shelving scheme Damaged status Not for loan Collection code Permanent Location Current Location Shelving location Date acquired Source of acquisition Cost, normal purchase price Total Checkouts Full call number Date last seen Copy number Koha item type Date checked out
  Dewey Decimal Classification   Not For Loan Non-fiction Central Library, University of Rajshahi Central Library, University of Rajshahi Reading Room 31/01/2016 Jatiya Sahity Prakash, Dhaka 200.00   B 891.444 JOD 2013 07/04/2016 C-1 Books  
  Dewey Decimal Classification     Non-fiction Central Library, University of Rajshahi Central Library, University of Rajshahi   31/01/2016 Jatiya Sahity Prakash, Dhaka 200.00 1 B 891.444 JOD 2013 22/05/2017 C-2 Books 14/05/2017
  Dewey Decimal Classification     Non-fiction Central Library, University of Rajshahi Central Library, University of Rajshahi   31/01/2016 Jatiya Sahity Prakash, Dhaka 200.00 3 B 891.444 JOD 2013 07/02/2017 C-3 Books 18/01/2017
  Dewey Decimal Classification     Non-fiction Central Library, University of Rajshahi Central Library, University of Rajshahi   29/04/2014 Jatiya Shahito Prakash,Dhaka 200.00   B 891.444 JOD 2013 13/04/2016 C-4 Books  
  Dewey Decimal Classification     Non-fiction Central Library, University of Rajshahi Central Library, University of Rajshahi   29/04/2014 Jatiya Shahito Prakash,Dhaka 200.00   B 891.444 JOD 2013 13/04/2016 C-5 Books  
  Dewey Decimal Classification     Non-fiction Central Library, University of Rajshahi Central Library, University of Rajshahi   29/04/2014 Jatiya Shahito Prakash,Dhaka 200.00 1 B 891.444 JOD 2013 06/02/2017 C-6 Books 21/01/2017